[Event "Wuerttemberg-chT Rapid"]
[Site "Boeblingen"]
[Date "2024.04.13"]
[Round "4.23"]
[White "Aksenov, Pavel"]
[Black "Albrecht, Neil"]
[Result "0-1"]
[WhiteElo "2045"]
[BlackElo "1950"]
[PlyCount "98"]
[EventDate "2024.04.13"]
[EventType "team-tourn"]
[EventRounds "9"]
[EventCountry "GER"]
[SourceTitle "CB17_2024"]
[SourceDate "2024.04.24"]
[SourceVersion "1"]
[SourceVersionDate "2024.04.24"]
[SourceQuality "1"]

1. d4 d5 2. c4 c6 3. e3 Nf6 4. Nc3 Bf5 5. a3 e6 6. cxd5 exd5 7. Bd3 Bxd3 8. Qxd3 Bd6 9. Nf3 0-0 10. Ne5 Re8 11. f4 Nfd7 12. 0-0 f6 13. Nf3 Nb6 14. b3 a5 15. a4 Na6 16. Bd2 Nb4 17. Qf5 Qd7 18. Qb1 Re7 19. Nd1 Rae8 20. Bxb4 Bxb4 21. Qd3 Nc8 22. Nh4 Nd6 23. Rf3 Ne4 24. f5 Be1 25. g3 Bb4 26. Ra2 Qd8 27. Ng2 Qd7 28. g4 Ng5 29. Rf1 Nh3+ 30. Kh1 Re4 31. Nf4 Nxf4 32. exf4 Qd6 33. Raf2 c5 34. dxc5 Bxc5 35. Rf3 Rd4 36. Qb5 Rd8 37. Qxa5 Rb4 38. Ne3 Bb6 39. Qxd5+ Qxd5 40. Nxd5 Rxd5 41. Re1 Kf7 42. Kg2 h5 43. h3 hxg4 44. hxg4 Rd2+ 45. Kg3 Rb2 46. Rd1 R4xb3 47. Rd7+ Kf8 48. Rxb7 Bf2+ 49. Kg2 Rxb7 0-1

[Event "Deizisau Autumn op 17th"]
[Site "Deizisau"]
[Date "2023.10.27"]
[Round "1"]
[White "Albrecht, Neil"]
[Black "Cofman, Veaceslav"]
[Result "0-1"]
[WhiteElo "1840"]
[BlackElo "2232"]
[PlyCount "90"]
[EventDate "2023.10.27"]
[EventType "swiss"]
[EventRounds "7"]
[EventCountry "GER"]
[SourceTitle "Mega2024 Update 01"]
[Source "Chessbase"]
[SourceDate "2023.11.12"]
[SourceVersion "1"]
[SourceVersionDate "2023.11.12"]
[SourceQuality "1"]

1. e4 e6 2. d4 d5 3. e5 c5 4. c3 Nc6 5. Nf3 Bd7 6. a3 c4 7. Nbd2 Na5 8. Rb1 Rc8 9. Be2 Nh6 10. 0-0 Nf5 11. h3 h5 12. Nh2 g6 13. b4 cxb3 14. Nxb3 Nc4 15. Bxc4 Rxc4 16. Qd3 Qc7 17. Bb2 Be7 18. Nf3 b6 19. Rfc1 b5 20. Qe2 Kf8 21. Ne1 Ra4 22. Nd3 Kg7 23. Ndc5 Bxc5 24. Nxc5 Rc4 25. a4 bxa4 26. Ba3 Bc6 27. Qd2 Qd8 28. g3 a6 29. Rb2 Bb5 30. Rcb1 Qe8 31. Bb4 Qg8 32. Ba3 Qh7 33. Qg5 Re8 34. Qf6+ Kg8 35. Bb4 Qh6 36. h4 Qg7 37. Qg5 Rc8 38. Ba5 R4xc5 39. dxc5 Qxe5 40. Bb4 Bc6 41. g4 hxg4 42. Qxg4 d4 43. cxd4 Qd5 44. Kh2 Nxd4 45. Rd1 Nf3+ 0-1

[Event "GER-ch U12"]
[Site "Willingen"]
[Date "2023.06.01"]
[Round "7"]
[White "Merenda, Lukas Benedikt"]
[Black "Albrecht, Neil"]
[Result "0-1"]
[WhiteElo "1479"]
[BlackElo "1690"]
[PlyCount "138"]
[EventDate "2023.05.27"]
[EventType "swiss"]
[EventRounds "9"]
[EventCountry "GER"]
[SourceTitle "CBM 214 Extra"]
[Source "ChessBase"]
[SourceDate "2023.07.31"]
[SourceVersion "1"]
[SourceVersionDate "2023.07.31"]
[SourceQuality "1"]

1. e4 c5 2. Nc3 a6 3. Nge2 b5 4. g3 Bb7 5. Bg2 e6 6. d4 cxd4 7. Nxd4 Nf6 8. 0-0 b4 9. Na4 Bxe4 10. Bxe4 Nxe4 11. Re1 Nc5 12. c3 Nxa4 13. Qxa4 Qb6 14. Be3 Bc5 15. Nxe6 fxe6 16. Bxc5 Qxc5 17. Rxe6+ Kd8 18. Re3 Nc6 19. Rd1 Qb5 20. Qb3 Qf5 21. cxb4 Rf8 22. f4 Kc7 23. Qc3 Rae8 24. Red3 Re7 25. Qc4 Qb5 26. Qxb5 axb5 27. a3 Rfe8 28. R1d2 Rd8 29. Rd5 Kb6 30. Kf2 Rf7 31. Kg2 Na7 32. h4 Nc8 33. Rc2 d6 34. b3 Ne7 35. Rd3 Rf5 36. Rcd2 d5 37. Re3 Nc6 38. Rc2 Rf6 39. Rc5 d4 40. Rd3 Ra8 41. Rg5 g6 42. h5 Rxa3 43. hxg6 hxg6 44. Kf3 Nxb4 45. Rxd4 Rxb3+ 46. Kg4 Nc2 47. Rd7 Ne3+ 48. Kf3 b4 49. Ke4 Nc2 50. Ke5 Rc6 51. Rg7 Re3+ 52. Kd5 Rc5+ 53. Kd6 Rxg5 54. fxg5 b3 55. Rg8 Rd3+ 56. Ke5 Kc7 57. Rg7+ Kc6 58. Rxg6+ Kc5 59. Rg8 Re3+ 60. Kf4 Re6 61. Kf5 b2 62. Kxe6 b1Q 63. Rc8+ Kd4 64. g6 Qb6+ 65. Kf5 Ne3+ 66. Kg5 Qb5+ 67. Kh6 Ng4+ 68. Kh7 Qb7+ 69. g7 Nf6+ 0-1

[Event "GER-ch U12"]
[Site "Willingen"]
[Date "2023.05.31"]
[Round "6"]
[White "Albrecht, Neil"]
[Black "Junge, Mattheo Gabriel"]
[Result "1-0"]
[WhiteElo "1690"]
[BlackElo "1302"]
[PlyCount "157"]
[EventDate "2023.05.27"]
[EventType "swiss"]
[EventRounds "9"]
[EventCountry "GER"]
[SourceTitle "CBM 214 Extra"]
[Source "ChessBase"]
[SourceDate "2023.07.31"]
[SourceVersion "1"]
[SourceVersionDate "2023.07.31"]
[SourceQuality "1"]

1. e4 c6 2. d4 d5 3. Nc3 dxe4 4. Nxe4 Nf6 5. Nxf6+ exf6 6. c3 Bf5 7. Bd3 Bxd3 8. Qxd3 Bd6 9. Nf3 0-0 10. 0-0 Re8 11. Be3 Nd7 12. Rad1 Nf8 13. d5 cxd5 14. Qxd5 Be5 15. Qxb7 Qa5 16. Qd5 Qc7 17. Qb3 Ng6 18. Rd2 Rad8 19. Rxd8 Rxd8 20. Rd1 Re8 21. Qd5 Bf4 22. Bc5 Ne5 23. Nxe5 Bxe5 24. g3 Qb8 25. Qd7 g5 26. Bxa7 Qa8 27. a3 Kg7 28. Be3 Rb8 29. Rd2 Qe4 30. Qd3 Qxd3 31. Rxd3 Rxb2 32. c4 Rc2 33. c5 Kf8 34. g4 Rc4 35. h3 Ke7 36. Kg2 Ke6 37. Kf3 Ra4 38. Rb3 Kd5 39. Rb7 Bf4 40. Rxf7 Ke6 41. Rxh7 Rxa3 42. h4 Bxe3 43. fxe3 gxh4 44. Rxh4 Rc3 45. Rh5 Rc1 46. Kf4 Rc2 47. Rf5 Rf2+ 48. Ke4 Rg2 49. Rf4 Rc2 50. Kd4 Rc1 51. Re4+ Kd7 52. Kd5 Rd1+ 53. Rd4 Rc1 54. Ke4+ Ke7 55. Rd5 Rc4+ 56. Kf5 Rc1 57. Kg6 Rc4 58. Rd4 Rxc5 59. Re4+ Kf8 60. Kxf6 Rc6+ 61. Re6 Rc1 62. Kg6 Re1 63. g5 Rg1 64. Rf6+ Kg8 65. Rb6 Kf8 66. Rb8+ Ke7 67. Rg8 Rg2 68. Rb8 Rg1 69. Rb4 Rg2 70. Rf4 Rg1 71. Kh6 Rh1+ 72. Kg7 Ra1 73. g6 Ra7 74. Kh7 Ra1 75. g7 Rh1+ 76. Kg8 Ra1 77. Rh4 Ra8+ 78. Kh7 Ra7 79. g8Q 1-0

[Event "Bayern Jubilar U12"]
[Site "Bayreuth"]
[Date "2022.08.31"]
[Round "7"]
[White "Mehner, Clara"]
[Black "Albrecht, Neil"]
[Result "0-1"]
[WhiteElo "1150"]
[BlackElo "1537"]
[PlyCount "116"]
[EventDate "2022.08.27"]
[EventType "swiss"]
[EventRounds "7"]
[EventCountry "GER"]
[SourceTitle "EXT 2023"]
[Source "ChessBase"]
[SourceDate "2022.10.05"]
[SourceVersion "1"]
[SourceVersionDate "2022.10.05"]
[SourceQuality "1"]

1. e4 e5 2. Nf3 Nc6 3. d4 exd4 4. Bc4 Nf6 5. 0-0 Nxe4 6. Re1 d5 7. Bxd5 Qxd5 8. Nc3 Qh5 9. Nxe4 Be6 10. Bg5 Be7 11. Qd2 0-0-0 12. Bxe7 Nxe7 13. a4 Nc6 14. a5 Bg4 15. Ra3 Rhe8 16. Qd3 Bxf3 17. Qxf3 Qxf3 18. Rxf3 Ne5 19. Rf5 f6 20. b4 Nc6 21. Rc5 Kb8 22. a6 Nxb4 23. axb7 d3 24. cxd3 Nxd3 25. Rb1 Rxe4 26. Rh5 Rde8 27. h3 Re1+ 28. Rxe1 Rxe1+ 29. Kh2 h6 30. Rb5 Nxf2 31. Rb2 Ne4 32. Rb4 Nd6 33. Rg4 g5 34. Rb4 Re3 35. Rb1 Nxb7 36. Rb2 c5 37. Rb5 c4 38. Rb2 c3 39. Rc2 Rd3 40. Kg1 Nd6 41. Kh1 Nc4 42. Kh2 Ne3 43. Rc1 c2 44. Kg3 Rd1 45. Kf3 Rxc1 46. Kxe3 Re1+ 47. Kf3 c1Q 48. Kg4 Qd1+ 49. Kf5 Rf1+ 50. Kg6 f5 51. Kxh6 g4 52. h4 f4 53. Kg5 Qd5+ 54. Kxg4 Qxg2+ 55. Kf5 Rh1 56. Ke5 Rxh4 57. Kd4 f3+ 58. Ke5 Qg5+ 0-1

[Event "Bayern Jubilar U12"]
[Site "Bayreuth"]
[Date "2022.08.28"]
[Round "2"]
[White "Albrecht, Neil"]
[Black "Dordevic, Tom"]
[Result "0-1"]
[WhiteElo "1537"]
[BlackElo "1795"]
[PlyCount "59"]
[EventDate "2022.08.27"]
[EventType "swiss"]
[EventRounds "7"]
[EventCountry "GER"]
[SourceTitle "EXT 2023"]
[Source "ChessBase"]
[SourceDate "2022.10.05"]
[SourceVersion "1"]
[SourceVersionDate "2022.10.05"]
[SourceQuality "1"]

1. e4 e5 2. Nf3 Nc6 3. Bc4 Bc5 4. c3 Nf6 5. d4 exd4 6. cxd4 Bb4+ 7. Bd2 Bxd2+ 8. Nbxd2 d5 9. exd5 Nxd5 10. 0-0 0-0 11. Re1 Bg4 12. h3 Bh5 13. Qb1 Nb6 14. Bd3 Bg6 15. Bxg6 fxg6 16. Nb3 a5 17. Nc5 Nxd4 18. Nxd4 Qxd4 19. Qc2 Qd5 20. Ne6 Rfc8 21. Nxc7 Qf7 22. Rac1 Nd5 23. Qb3 Nxc7 24. Qxb7 Rab8 25. Rxc7 Qxc7 26. Re8+ Kf7 27. Qxc7+ Rxc7 28. Rxb8 Ra7 29. Rb6 Ke7 30. g4 0-1

[Event "GER-ch U12"]
[Site "Willingen"]
[Date "2022.06.08"]
[Round "5"]
[White "Albrecht, Neil"]
[Black "Noennig, Jakob1111"]
[Result "1-0"]
[WhiteElo "1376"]
[BlackElo "1556"]
[PlyCount "133"]
[EventDate "2022.06.04"]
[EventType "swiss"]
[EventRounds "9"]
[EventCountry "GER"]
[SourceTitle "CBM 208 Extra"]
[Source "ChessBase"]
[SourceDate "2022.07.31"]
[SourceVersion "1"]
[SourceVersionDate "2022.07.31"]
[SourceQuality "1"]

1. e4 e5 2. Nf3 Nc6 3. Bc4 Bc5 4. c3 Nf6 5. d4 exd4 6. e5 d5 7. Bb5 Ne4 8. cxd4 Bb4+ 9. Nbd2 Bd7 10. Bxc6 Bxc6 11. 0-0 0-0 12. a3 Ba5 13. Qc2 Re8 14. b4 Bb6 15. a4 a6 16. Bb2 Re6 17. Rfd1 Rg6 18. b5 Nxd2 19. Qxd2 axb5 20. a5 Ba7 21. Rdc1 Qc8 22. Ra3 Bd7 23. Nh4 Rh6 24. g3 c6 25. Bc3 Bh3 26. Qe2 Qe6 27. Bd2 Bg4 28. Qd3 Rh5 29. Ng2 g5 30. h4 Bf5 31. Qf3 Bg4 32. Qc3 Bh3 33. Bxg5 Bxg2 34. Kxg2 Qg4 35. a6 b4 36. Qxb4 b5 37. Qe7 Bxd4 38. Rxc6 Qe4+ 39. Rf3 Rf8 40. Bf6 Ra8 41. Qb7 Rf8 42. Rc8 Bc5 43. Rxc5 Rf5 44. Qxd5 Qxf3+ 45. Qxf3 Rxf3 46. Kxf3 h5 47. Rxb5 Ra8 48. Ra5 Ra7 49. Bd8 Kf8 50. Bb6 Ra8 51. a7 Ke7 52. Bc7 Kd7 53. Bb8 Kc6 54. Ra4 Kb5 55. Rf4 Kc5 56. Rxf7 Kd5 57. Rh7 Ke6 58. Rxh5 Kf7 59. Kf4 Ke6 60. Rh6+ Kd5 61. e6 Kc6 62. Rh7 Kd5 63. e7 Kc5 64. e8Q Rxb8 65. axb8Q Kd5 66. Rd7+ Kc6 67. Qec8# 1-0